[Event "Limhamns 5:e int. junior"]
[Site "Malmoe"]
[Date "1999.06.22"]
[Round "7"]
[White "Stefanek, Piotr"]
[Black "Owczarzak, Jerzy"]
[Result "1/2-1/2"]
[WhiteElo "2230"]
[BlackElo "2194"]
[PlyCount "123"]
[EventDate "1999.05.??"]

1. e4 e6 2. d4 d5 3. exd5 exd5 4. Nf3 Nf6 5. Bd3 Be7 6. O-O O-O 7. Bf4 Bg4 8.
Nbd2 Nbd7 9. Re1 Re8 10. c3 Bh5 11. Qb3 Nf8 12. Qxb7 Ne6 13. Be3 c5 14. dxc5
Bxc5 15. Nb3 Bxe3 16. Rxe3 Nf4 17. Rxe8+ Nxe8 18. Ne1 Nd6 19. Qb4 Qf6 20. Bf1
Ne4 21. Qd4 Qg5 22. Qe3 Qf6 23. g3 Ng6 24. Bg2 Re8 25. Nd3 Re7 26. Qd4 Qf5 27.
Re1 Bf3 28. Bxf3 Qxf3 29. Qe3 Qf6 30. Nf4 Nxc3 31. Qd2 Nxf4 32. Rxe7 Qxe7 33.
bxc3 Ne6 34. Qxd5 g6 35. Nd4 Nc5 36. Kg2 Na4 37. Qb3 Qe4+ 38. f3 Qe8 39. Qc4
Nb6 40. Qd3 Qa4 41. Qe2 Nd5 42. Nb5 a6 43. c4 Qxc4 44. Qe8+ Kg7 45. Qxf7+ Kxf7
46. Nd6+ Ke6 47. Nxc4 Nc3 48. a3 Kd5 49. Nb2 Nb1 50. a4 Kd4 51. f4 Nd2 52. Kf2
a5 53. Ke2 Ne4 54. g4 Nf6 55. Kf3 Kc3 56. Nd1+ Kb3 57. f5 gxf5 58. gxf5 Kxa4
59. Nc3+ Kb4 60. Nb1 a4 61. Kf4 Kb3 62. Ke5 1/2-1/2

[Event "Limhamns 5:e int. junior"]
[Site "Malmoe"]
[Date "1999.06.22"]
[Round "7"]
[White "Mansson, Lars"]
[Black "Kharitonov, Sergei"]
[Result "1-0"]
[WhiteElo "2120"]
[BlackElo "2201"]
[PlyCount "71"]
[EventDate "1999.05.??"]

1. e4 c5 2. Nf3 d6 3. Bb5+ Nc6 4. O-O g6 5. Re1 Bg7 6. c3 Bg4 7. h3 Bxf3 8.
Qxf3 Qc7 9. d3 Nf6 10. Nd2 O-O 11. Ba4 Rab8 12. Nf1 b5 13. Bc2 Nd7 14. Ne3 Qa5
15. Bd2 Qa6 16. a3 Qb7 17. Qe2 b4 18. axb4 cxb4 19. d4 e6 20. Bd3 bxc3 21. bxc3
Qc7 22. Ra2 Ra8 23. Rea1 e5 24. Bb5 Nb6 25. d5 Ne7 26. Nc4 Nd7 27. Bxd7 Qxd7
28. Nb6 axb6 29. Rxa8 Qc7 30. Qb5 Qc5 31. Qxc5 dxc5 32. Rxf8+ Bxf8 33. Ra8 Kg7
34. Bh6+ Kxh6 35. Rxf8 f5 36. d6 1-0

[Event "Limhamns 5:e int. junior"]
[Site "Malmoe"]
[Date "1999.06.22"]
[Round "7"]
[White "Vovk, Oksana"]
[Black "Namini, Armin"]
[Result "1-0"]
[WhiteElo "2089"]
[BlackElo "1995"]
[PlyCount "79"]
[EventDate "1999.05.??"]

1. d4 g6 2. Nf3 Bg7 3. c4 f5 4. Nc3 Nf6 5. g3 O-O 6. Bg2 d6 7. O-O c6 8. Rb1
Qc7 9. b4 e5 10. dxe5 dxe5 11. Qb3 Kh8 12. c5 Qe7 13. e4 Be6 14. Qa3 Nbd7 15.
Rd1 a5 16. bxa5 Qxc5 17. Qxc5 Nxc5 18. Ba3 Ncxe4 19. Nxe4 Nxe4 20. Bxf8 Bxf8
21. Rxb7 Bc5 22. Rb2 Rxa5 23. a4 Kg7 24. Bf1 Rxa4 25. Nxe5 Bd4 26. Rb7+ Kf6 27.
Nd3 Ra2 28. Bg2 Bd5 29. Nb4 Bxf2+ 30. Kh1 Bc5 31. Nxd5+ cxd5 32. Bxe4 dxe4 33.
Rc1 e3 34. Rxc5 Ra1+ 35. Kg2 e2 36. Rc6+ Kg5 37. h4+ Kh6 38. Rcc7 e1=N+ 39. Kh3
g5 40. Rb6+ 1-0

[Event "Limhamns 5:e int. junior"]
[Site "Malmoe"]
[Date "1999.06.22"]
[Round "7"]
[White "Flaisigova, Petra"]
[Black "Laksman, Efraim"]
[Result "0-1"]
[WhiteElo "2040"]
[BlackElo "2060"]
[PlyCount "66"]
[EventDate "1999.05.??"]

1. e4 g6 2. d4 Bg7 3. f4 c6 4. Nf3 d5 5. e5 h5 6. Be3 Nh6 7. Bd3 Bf5 8. Nc3
Bxd3 9. Qxd3 e6 10. Bf2 Nd7 11. O-O-O b6 12. h3 c5 13. Nb5 Nf5 14. g4 hxg4 15.
hxg4 Rxh1 16. Rxh1 Nh6 17. f5 exf5 18. Nd6+ Kf8 19. dxc5 fxg4 20. Be3 gxf3 21.
Bxh6 Bxh6+ 22. Kb1 Nxe5 23. Qxd5 Bg7 24. Re1 Rc8 25. Rxe5 Qf6 26. Nxc8 Qxe5 27.
Qd8+ Qe8 28. Qd6+ Kg8 29. Ne7+ Kh7 30. c6 f2 31. Qh2+ Bh6 32. Qxf2 Qxe7 33. a3
Qc7 0-1

[Event "Limhamns 5:e int. junior"]
[Site "Malmoe"]
[Date "1999.06.22"]
[Round "7"]
[White "Wakeham, Daniel"]
[Black "Holmberg, Fredrik"]
[Result "1/2-1/2"]
[WhiteElo "1955"]
[BlackElo "1935"]
[PlyCount "93"]
[EventDate "1999.05.??"]

1. d4 Nf6 2. c4 e6 3. Nc3 Bb4 4. Nf3 O-O 5. g3 c5 6. Bg2 d5 7. cxd5 Nxd5 8. Bd2
cxd4 9. Nxd4 Bxc3 10. bxc3 Nd7 11. O-O N7b6 12. Qb3 e5 13. Nf3 Be6 14. Ng5 Qc7
15. Nxe6 fxe6 16. e4 Nf6 17. Qxe6+ Kh8 18. Qb3 Nc4 19. Rad1 Rad8 20. Bg5 h6 21.
Bxf6 gxf6 22. Rxd8 Rxd8 23. Rd1 Rxd1+ 24. Qxd1 Qd6 25. Qxd6 Nxd6 26. f3 Nb5 27.
c4 Nd4 28. Kf2 Kg7 29. Bh3 Kf7 30. f4 b6 31. Bc8 Ke7 32. fxe5 fxe5 33. Bb7 Kd6
34. Bd5 b5 35. cxb5 Nxb5 36. Bb3 a5 37. Ke3 Kc5 38. g4 Kd6 39. h4 Ke7 40. g5
hxg5 41. hxg5 Nd6 42. Bd5 Kf8 43. Kf3 Kg7 44. Kg4 Kg6 45. Be6 Kg7 46. Bd5 Kg6
47. Be6 1/2-1/2

[Event "Limhamns 5:e int. junior"]
[Site "Malmoe"]
[Date "1999.06.22"]
[Round "7"]
[White "Adamski, Michal"]
[Black "Rylander, Dennis"]
[Result "1/2-1/2"]
[WhiteElo "2110"]
[BlackElo "2141"]
[PlyCount "64"]
[EventDate "1999.05.??"]

1. e4 e6 2. d4 d5 3. Nc3 Nf6 4. Bg5 dxe4 5. Nxe4 Be7 6. Bxf6 gxf6 7. Nf3 b6 8.
Bd3 Bb7 9. Qe2 c6 10. O-O-O Qc7 11. Kb1 Nd7 12. Ba6 Bxa6 13. Qxa6 b5 14. Nc5
Nxc5 15. dxc5 Bxc5 16. Rd2 Ke7 17. Nd4 Rac8 18. Rhd1 Bxd4 19. Rxd4 Rhd8 20. c4
Rxd4 21. Rxd4 c5 22. Rd3 bxc4 23. Rh3 Rd8 24. Qxc4 Rd1+ 25. Kc2 Qd6 26. Qe2 Rd4
27. Rxh7 Qf4 28. Rh3 Rc4+ 29. Kb3 Rb4+ 30. Kc2 Rc4+ 31. Kb3 Rb4+ 32. Kc2 Rc4+
1/2-1/2

[Event "Limhamns 5:e int. junior"]
[Site "Malmoe"]
[Date "1999.06.22"]
[Round "7"]
[White "Becker, Bartosz"]
[Black "Decha, Eliska"]
[Result "1/2-1/2"]
[WhiteElo "1950"]
[BlackElo "2106"]
[PlyCount "38"]
[EventDate "1999.05.??"]

1. c4 Nf6 2. Nc3 e6 3. Nf3 c5 4. e4 d6 5. d4 cxd4 6. Nxd4 a6 7. Nc2 Be7 8. Be2
Qc7 9. Be3 b6 10. O-O Bb7 11. f3 Nbd7 12. Qd2 O-O 13. Rac1 Rac8 14. Rfd1 Rfd8
15. Qe1 Qb8 16. Qf2 Bc6 17. Nb4 Bb7 18. Nc2 Bc6 19. Nb4 Bb7 1/2-1/2

[Event "Limhamns 5:e int. junior"]
[Site "Malmoe"]
[Date "1999.06.22"]
[Round "7"]
[White "Janiszyn, Elzbieta"]
[Black "Tarachowicz, Alina"]
[Result "1-0"]
[WhiteElo "2074"]
[BlackElo "2040"]
[PlyCount "97"]
[EventDate "1999.05.??"]

1. d4 Nf6 2. c4 g6 3. Nc3 Bg7 4. Bg5 d6 5. e3 O-O 6. Bd3 Nbd7 7. Nge2 e5 8. O-O
h6 9. Bh4 g5 10. Bg3 Re8 11. f4 gxf4 12. exf4 Ng4 13. Qd2 exd4 14. Nb5 Ne3 15.
Rf3 Nb6 16. Rc1 Bg4 17. Rf2 c5 18. b3 Qd7 19. h3 Bf5 20. Rf3 a6 21. Na3 Be4 22.
Bxe4 Rxe4 23. Bf2 Rae8 24. Ng3 f5 25. Nxe4 fxe4 26. Rxe3 dxe3 27. Bxe3 Nc8 28.
Bxc5 Qe6 29. Be3 Ne7 30. Rd1 Rd8 31. Nc2 d5 32. cxd5 Rxd5 33. Qe2 Nc6 34. Rxd5
Qxd5 35. Qd2 Qxd2 36. Bxd2 Kf7 37. Kf2 Ke6 38. g4 Nd4 39. Nxd4+ Bxd4+ 40. Be3
Bg7 41. Kg3 b5 42. h4 a5 43. h5 a4 44. Kf2 Kd5 45. Ke2 axb3 46. axb3 b4 47. g5
Ke6 48. gxh6 Bc3 49. Bc5 1-0

[Event "Limhamns 5:e int. junior"]
[Site "Malmoe"]
[Date "1999.06.22"]
[Round "7"]
[White "Bobrowska, Beata"]
[Black "Rosell, Tomas"]
[Result "0-1"]
[WhiteElo "1950"]
[BlackElo "1805"]
[PlyCount "64"]
[EventDate "1999.05.??"]

1. c4 e5 2. Nc3 Nc6 3. Nf3 g6 4. g3 Bg7 5. Bg2 d6 6. d3 f5 7. Bg5 Nf6 8. Nd5
O-O 9. O-O Be6 10. Nxf6+ Bxf6 11. Bxf6 Qxf6 12. Qc2 g5 13. e3 f4 14. Qd2 Ne7
15. e4 Nc6 16. Rae1 g4 17. Nh4 f3 18. Bh1 Nd4 19. b3 Kh8 20. Re3 Ne2+ 21. Rxe2
fxe2 22. Qxe2 Rg8 23. Ng2 c6 24. Ne3 Raf8 25. f3 gxf3 26. Bxf3 Qg5 27. Rf2 Rf6
28. Kf1 Rgf8 29. Ke1 h5 30. Kf1 Bh3+ 31. Kg1 Bg4 32. Nxg4 hxg4 0-1

[Event "Limhamns 5:e int. junior"]
[Site "Malmoe"]
[Date "1999.06.22"]
[Round "7"]
[White "Innab, Schass"]
[Black "Stahlberg, Adam"]
[Result "0-1"]
[WhiteElo "1830"]
[BlackElo "1800"]
[PlyCount "54"]
[EventDate "1999.05.??"]

1. e4 c6 2. d4 d5 3. exd5 cxd5 4. Bd3 Nc6 5. c3 Qc7 6. Ne2 e6 7. Bf4 Bd6 8. Bg3
Nge7 9. Nd2 Bd7 10. O-O Ng6 11. c4 Bxg3 12. fxg3 Nb4 13. Bxg6 hxg6 14. a3 Nc6
15. cxd5 exd5 16. Nf3 O-O 17. Nf4 Ne7 18. Qb3 Bc6 19. Rac1 Qd6 20. Ne5 Nf5 21.
Qd3 a6 22. Nxc6 bxc6 23. Rc5 Rfe8 24. Rfc1 Rac8 25. Qxa6 Nxd4 26. Rxd5 Qe7 27.
Rxd4 Qe3+ 0-1

[Event "Limhamns 5:e int. junior"]
[Site "Malmoe"]
[Date "1999.06.23"]
[Round "8"]
[White "Laksman, Efraim"]
[Black "Stefanek, Piotr"]
[Result "1-0"]
[WhiteElo "2060"]
[BlackElo "2230"]
[PlyCount "107"]
[EventDate "1999.05.??"]

1. b3 e5 2. Bb2 Nc6 3. e3 g6 4. f4 Bg7 5. Nf3 d6 6. Bc4 Nge7 7. O-O O-O 8. Nc3
d5 9. Bb5 a6 10. Bxc6 Nxc6 11. fxe5 Nxe5 12. Nxe5 Bxe5 13. Na4 d4 14. Qf3 Be6
15. Nc5 Bd5 16. e4 Qd6 17. Nd3 Bxh2+ 18. Kh1 Bc6 19. Qh3 Be5 20. Nxe5 Qxe5 21.
d3 f6 22. Qh2 Qxh2+ 23. Kxh2 Rad8 24. Rf2 Kf7 25. Raf1 Ke6 26. Bc1 Rde8 27. Bg5
f5 28. g4 f4 29. Rxf4 Rxf4 30. Rxf4 Bd7 31. Kg3 h5 32. Rf6+ Ke7 33. Rxg6+ Kf7
34. gxh5 Re5 35. Rf6+ Kg8 36. Kh4 Rc5 37. Rf2 Be8 38. Re2 Re5 39. b4 a5 40. a3
axb4 41. axb4 Rb5 42. Rf2 Re5 43. Rf5 Rxf5 44. exf5 Ba4 45. Bf6 Bxc2 46. Bxd4
Bxd3 47. Kg5 b6 48. Kg6 c5 49. Bxc5 bxc5 50. bxc5 Be4 51. Kf6 Kh7 52. Ke6 Kg7
53. h6+ Kxh6 54. f6 1-0

[Event "Limhamns 5:e int. junior"]
[Site "Malmoe"]
[Date "1999.06.23"]
[Round "8"]
[White "Owczarzak, Jerzy"]
[Black "Wakeham, Daniel"]
[Result "1-0"]
[WhiteElo "2194"]
[BlackElo "1955"]
[PlyCount "53"]
[EventDate "1999.05.??"]

1. e4 e6 2. d3 c5 3. Nf3 Nc6 4. g3 d6 5. Bg2 Nf6 6. O-O Be7 7. Re1 Qc7 8. c3
O-O 9. d4 cxd4 10. cxd4 d5 11. exd5 Nxd5 12. Nc3 Nxc3 13. bxc3 b6 14. Bf4 Bd6
15. Bd2 Bb7 16. Ng5 Ne7 17. Bxb7 Qxb7 18. Qh5 h6 19. Ne4 Qc7 20. Bxh6 gxh6 21.
Qxh6 f6 22. Nxf6+ Kf7 23. Nh7 Rh8 24. Ng5+ Kg8 25. Qxe6+ Kg7 26. Qf7+ Kh6 27.
Ne6 1-0

[Event "Limhamns 5:e int. junior"]
[Site "Malmoe"]
[Date "1999.06.23"]
[Round "8"]
[White "Namini, Armin"]
[Black "Mansson, Lars"]
[Result "1/2-1/2"]
[WhiteElo "1995"]
[BlackElo "2120"]
[PlyCount "28"]
[EventDate "1999.05.??"]

1. g3 Nf6 2. Bg2 d5 3. Nf3 c5 4. O-O g6 5. d4 cxd4 6. Nxd4 Bg7 7. Nb3 O-O 8.
Nc3 e6 9. e4 dxe4 10. Nxe4 Nxe4 11. Qxd8 Rxd8 12. Bxe4 Nc6 13. c3 e5 14. Be3
Be6 1/2-1/2

[Event "Limhamns 5:e int. junior"]
[Site "Malmoe"]
[Date "1999.06.23"]
[Round "8"]
[White "Kharitonov, Sergei"]
[Black "Vovk, Oksana"]
[Result "1/2-1/2"]
[WhiteElo "2201"]
[BlackElo "2089"]
[PlyCount "70"]
[EventDate "1999.05.??"]

1. e4 e6 2. d4 d5 3. Nc3 dxe4 4. Nxe4 Bd7 5. Nf3 Bc6 6. Bd3 Nd7 7. O-O Ngf6 8.
Ng3 Be7 9. Qe2 Bxf3 10. Qxf3 c6 11. c3 O-O 12. Re1 Re8 13. Bf4 Nf8 14. Rad1 Ng6
15. Bc1 Qd5 16. Qxd5 Nxd5 17. Ne4 Rad8 18. Bf1 h6 19. g3 Nf6 20. Bg2 Nxe4 21.
Bxe4 Nf8 22. Kf1 Nd7 23. Bc2 Bf6 24. f4 Nb6 25. f5 e5 26. dxe5 Rxd1 27. Rxd1
Rxe5 28. a3 Nd5 29. Kf2 Bg5 30. h4 Bxc1 31. Rxc1 Ne3 32. Re1 Ng4+ 33. Kf1 Nh2+
34. Kf2 Ng4+ 35. Kf1 Nh2+ 1/2-1/2

[Event "Limhamns 5:e int. junior"]
[Site "Malmoe"]
[Date "1999.06.23"]
[Round "8"]
[White "Holmberg, Fredrik"]
[Black "Rylander, Dennis"]
[Result "0-1"]
[WhiteElo "1935"]
[BlackElo "2141"]
[PlyCount "36"]
[EventDate "1999.05.??"]

1. c4 c6 2. d4 d5 3. Nc3 Nf6 4. Bf4 dxc4 5. e4 b5 6. f3 e6 7. a4 Bb4 8. axb5
cxb5 9. Bxb8 Rxb8 10. Rxa7 Qb6 11. Ra1 O-O 12. Nge2 e5 13. d5 Bc5 14. Qc2 Bf2+
15. Kd1 Bd7 16. Nc1 Ra8 17. Rb1 Rfc8 18. b4 cxb3 0-1

[Event "Limhamns 5:e int. junior"]
[Site "Malmoe"]
[Date "1999.06.23"]
[Round "8"]
[White "Decha, Eliska"]
[Black "Adamski, Michal"]
[Result "0-1"]
[WhiteElo "2106"]
[BlackElo "2110"]
[PlyCount "62"]
[EventDate "1999.05.??"]

1. e4 c5 2. Nf3 d6 3. d4 cxd4 4. Nxd4 Nf6 5. Nc3 a6 6. Bc4 e6 7. Bb3 b5 8. Be3
Be7 9. f3 Qc7 10. Qe2 Nc6 11. Nxc6 Qxc6 12. O-O-O Rb8 13. g4 a5 14. a4 b4 15.
Nb5 Ba6 16. Nc7+ Qxc7 17. Qxa6 O-O 18. h4 Nd7 19. f4 Rfc8 20. f5 Nc5 21. Bxc5
dxc5 22. Qc4 Rd8 23. fxe6 Qf4+ 24. Kb1 Rxd1+ 25. Rxd1 Qxg4 26. Rd7 Qxh4 27. Qf1
fxe6 28. Bxe6+ Kh8 29. Qf7 Bf6 30. e5 Qe1+ 31. Ka2 Qxe5 0-1

[Event "Limhamns 5:e int. junior"]
[Site "Malmoe"]
[Date "1999.06.23"]
[Round "8"]
[White "Tarachowicz, Alina"]
[Black "Flaisigova, Petra"]
[Result "0-1"]
[WhiteElo "2040"]
[BlackElo "2040"]
[PlyCount "62"]
[EventDate "1999.05.??"]

1. e4 c5 2. Nf3 Nc6 3. d4 cxd4 4. Nxd4 Nf6 5. Nc3 e5 6. Ndb5 d6 7. Bg5 a6 8.
Na3 b5 9. Nd5 Be7 10. Bxf6 Bxf6 11. c3 Bg5 12. Be2 O-O 13. Bg4 Be6 14. Nc2 Rb8
15. O-O Qd7 16. Nce3 Bxe3 17. Nxe3 Ne7 18. f4 Qa7 19. Bxe6 Qxe3+ 20. Kh1 fxe6
21. Qxd6 Ng6 22. Qxe6+ Kh8 23. f5 Rbe8 24. Qxa6 Nf4 25. Qxb5 Qxe4 26. Rf3 Rb8
27. Qc5 Rxf5 28. Qf2 Nd3 29. Qd2 Rxf3 30. gxf3 Qc4 31. Rd1 e4 0-1

[Event "Limhamns 5:e int. junior"]
[Site "Malmoe"]
[Date "1999.06.23"]
[Round "8"]
[White "Becker, Bartosz"]
[Black "Bobrowska, Beata"]
[Result "1-0"]
[WhiteElo "1950"]
[BlackElo "1950"]
[PlyCount "45"]
[EventDate "1999.05.??"]

1. c4 Nc6 2. d4 e6 3. Nc3 Nf6 4. Bg5 Be7 5. Nf3 d6 6. e4 a6 7. e5 dxe5 8. dxe5
Nd7 9. Bf4 h6 10. h4 b6 11. Qd2 Bc5 12. O-O-O Qe7 13. a3 a5 14. Nb5 Nf8 15. Bd3
Bb7 16. Be4 Rb8 17. Qe2 Nd8 18. Rd2 Bxe4 19. Qxe4 Ng6 20. Bg3 O-O 21. Rhd1 c6
22. Rd7 Qe8 23. Nc7 1-0

[Event "Limhamns 5:e int. junior"]
[Site "Malmoe"]
[Date "1999.06.23"]
[Round "8"]
[White "Rosell, Tomas"]
[Black "Stahlberg, Adam"]
[Result "1/2-1/2"]
[WhiteElo "1805"]
[BlackElo "1800"]
[PlyCount "42"]
[EventDate "1999.05.??"]

1. e4 c6 2. Ne2 d5 3. e5 Bf5 4. Ng3 Bg6 5. h4 h6 6. h5 Bh7 7. e6 fxe6 8. d4 e5
9. dxe5 e6 10. Bd3 Qc7 11. f4 Ne7 12. Bxh7 Rxh7 13. Qd3 Rh8 14. b3 Nd7 15. Be3
Nxe5 16. fxe5 Qxe5 17. Kf2 Qf6+ 18. Ke2 Qe5 19. Kf3 Qf6+ 20. Ke2 Qe5 21. Kf3
Qf6+ 1/2-1/2

[Event "Limhamns 5:e int. junior"]
[Site "Malmoe"]
[Date "1999.06.23"]
[Round "8"]
[White "Janiszyn, Elzbieta"]
[Black "Innab, Schass"]
[Result "0-1"]
[WhiteElo "2074"]
[BlackElo "1830"]
[PlyCount "134"]
[EventDate "1999.05.??"]

1. d4 Nf6 2. Nf3 c5 3. d5 e6 4. dxe6 fxe6 5. Bg5 Be7 6. e3 O-O 7. c4 b6 8. Nc3
Bb7 9. Be2 Nc6 10. O-O Kh8 11. Rc1 d5 12. b3 d4 13. exd4 cxd4 14. Nb1 e5 15.
Bxf6 Bxf6 16. Bd3 Nb4 17. Be2 d3 18. Bxd3 Qxd3 19. Qxd3 Nxd3 20. Rcd1 Bxf3 21.
gxf3 Nf4 22. Nc3 Rad8 23. Nd5 Nxd5 24. cxd5 Rd6 25. Rd3 Rc8 26. Rfd1 Rc2 27. a4
Bh4 28. R3d2 Rxd2 29. Rxd2 Kg8 30. Kf1 Kf7 31. Kg2 Ke7 32. Kh3 Bg5 33. Rd3 Rd7
34. Kg4 Bf4 35. h4 Kd6 36. Kf5 Rc7 37. h5 Rc2 38. Kg4 Rxf2 39. Kf5 Rd2 40. Rc3
Kd7 41. Ke4 Rd4+ 42. Kf5 Rxd5 43. Rc2 Rd3 44. Rg2 g5 45. hxg6 hxg6+ 46. Rxg6
Kc7 47. Rg7+ Kb8 48. Rg8+ Kb7 49. Rg7+ Ka6 50. b4 Rxf3 51. b5+ Ka5 52. Rxa7+
Kb4 53. Ra6 Rf1 54. Ke4 Ra1 55. Rxb6 Rxa4 56. Rb8 Kc5+ 57. Kf3 Rb4 58. Rc8+
Kxb5 59. Rb8+ Kc4 60. Rc8+ Kd3 61. Rd8+ Rd4 62. Ra8 Bc1 63. Ra1 e4+ 64. Kg2 Kd2
65. Kf1 e3 66. Ra2+ Kd1 67. Re2 Rf4+ 0-1

[Event "Limhamns 5:e int. junior"]
[Site "Malmoe"]
[Date "1999.06.24"]
[Round "9"]
[White "Stefanek, Piotr"]
[Black "Namini, Armin"]
[Result "1/2-1/2"]
[WhiteElo "2230"]
[BlackElo "1995"]
[PlyCount "45"]
[EventDate "1999.05.??"]

1. e4 c5 2. Nf3 Nc6 3. Bb5 g6 4. Bxc6 dxc6 5. d3 Bg7 6. h3 h6 7. Nc3 Nf6 8. Be3
b6 9. Qd2 Bb7 10. a4 Nd7 11. O-O a6 12. Kh1 e5 13. Nh2 Qe7 14. f4 O-O-O 15. f5
g5 16. Qf2 h5 17. g3 Bh6 18. Rfb1 a5 19. Nf1 g4 20. h4 Ba6 21. Bxh6 Rxh6 22.
Ne3 Rd6 23. Rd1 1/2-1/2

[Event "Limhamns 5:e int. junior"]
[Site "Malmoe"]
[Date "1999.06.24"]
[Round "9"]
[White "Rylander, Dennis"]
[Black "Owczarzak, Jerzy"]
[Result "1-0"]
[WhiteElo "2141"]
[BlackElo "2194"]
[PlyCount "79"]
[EventDate "1999.05.??"]

1. d4 Nf6 2. c4 g6 3. g3 Bg7 4. Bg2 d5 5. Nf3 O-O 6. O-O dxc4 7. Ne5 c5 8. dxc5
Nbd7 9. Nxc4 Nxc5 10. Be3 Be6 11. Nba3 Rc8 12. Qxd8 Rfxd8 13. Na5 Nfd7 14. b4
Bxa1 15. Rxa1 b6 16. Nc6 Rxc6 17. Bxc6 Ne5 18. Bb5 Ne4 19. Bf4 Nd7 20. Bd3 Nc3
21. Bd2 Nd5 22. Nb5 Ne5 23. Nxa7 Nxd3 24. exd3 Nf6 25. Be3 Nd5 26. Nc6 Rd6 27.
Nd4 Nxb4 28. Nxe6 Rxe6 29. Rb1 Nd5 30. Bd4 Re2 31. Rb2 Rxb2 32. Bxb2 b5 33. Kf1
f5 34. Ke2 Kf7 35. f4 Ke6 36. Bd4 Nb4 37. Bc5 Nxa2 38. Kd2 b4 39. Kc2 Nc3 40.
Bxb4 1-0

[Event "Limhamns 5:e int. junior"]
[Site "Malmoe"]
[Date "1999.06.24"]
[Round "9"]
[White "Mansson, Lars"]
[Black "Laksman, Efraim"]
[Result "1-0"]
[WhiteElo "2120"]
[BlackElo "2060"]
[PlyCount "63"]
[EventDate "1999.05.??"]

1. e4 Nc6 2. Nf3 d6 3. d4 Bg4 4. Bb5 a6 5. Bxc6+ bxc6 6. O-O d5 7. Nc3 e6 8.
Qd3 Nf6 9. Ne5 Qd6 10. f3 dxe4 11. Nxe4 Nxe4 12. fxe4 Bh5 13. Bf4 Qb4 14. Nxc6
Qb6 15. Qc4 Bd6 16. e5 Be7 17. Nxe7 Kxe7 18. Bg5+ Kd7 19. Kh1 Qb5 20. Qc3 Rab8
21. Qh3 Bg6 22. d5 Bf5 23. Qc3 Rb6 24. Rad1 Kc8 25. d6 Qd7 26. Qc5 Kb7 27. Be3
Rc8 28. dxc7 Qxc7 29. Rd7 Qxd7 30. Qxb6+ Ka8 31. Qxa6+ Kb8 32. Rf4 1-0

[Event "Limhamns 5:e int. junior"]
[Site "Malmoe"]
[Date "1999.06.24"]
[Round "9"]
[White "Adamski, Michal"]
[Black "Vovk, Oksana"]
[Result "1-0"]
[WhiteElo "2110"]
[BlackElo "2089"]
[PlyCount "67"]
[EventDate "1999.05.??"]

1. e4 c5 2. Nf3 Nc6 3. d4 cxd4 4. Nxd4 Nf6 5. Nc3 e5 6. Ndb5 d6 7. Bg5 a6 8.
Na3 b5 9. Bxf6 gxf6 10. Nd5 f5 11. Bd3 Be6 12. Qh5 Bg7 13. O-O O-O 14. exf5
Bxd5 15. f6 h6 16. Qf5 e4 17. fxg7 Re8 18. Qxd5 exd3 19. Qxc6 b4 20. Nc4 Re6
21. Rfe1 Rg6 22. Qd5 dxc2 23. Rac1 Rc8 24. Rxc2 Rc5 25. Qd3 Qa8 26. g3 Qc6 27.
Ne3 Re6 28. Rec1 Ree5 29. Qd4 a5 30. Rxc5 Rxc5 31. Rxc5 dxc5 32. Qd8+ Kxg7 33.
Nf5+ Kh7 34. Ne7 1-0

[Event "Limhamns 5:e int. junior"]
[Site "Malmoe"]
[Date "1999.06.24"]
[Round "9"]
[White "Flaisigova, Petra"]
[Black "Kharitonov, Sergei"]
[Result "0-1"]
[WhiteElo "2040"]
[BlackElo "2201"]
[PlyCount "72"]
[EventDate "1999.05.??"]

1. e4 c5 2. Nf3 d6 3. d4 cxd4 4. Nxd4 Nf6 5. f3 Nc6 6. c4 g6 7. Be3 Bg7 8. Nc3
O-O 9. Be2 Qb6 10. Nxc6 Qxc6 11. O-O Be6 12. Rc1 Bxc4 13. Bxc4 Qxc4 14. Nd5
Qxa2 15. Nxe7+ Kh8 16. Qxd6 Rfd8 17. Qb4 Bf8 18. Rc7 Qe6 19. Bd4 Rxd4 20. Qxd4
Bxe7 21. Rfc1 Kg7 22. Rxb7 Bd6 23. Rb5 Re8 24. Qxa7 Bf4 25. Rd1 Qc6 26. Rb3 Qc2
27. Rbd3 Qxb2 28. Qd4 Qb8 29. g3 Bc7 30. Kg2 h5 31. Qc3 h4 32. Qc4 hxg3 33. Rb3
Qa7 34. hxg3 Qa2+ 35. Kf1 Bxg3 36. Qe2 Qxb3 0-1

[Event "Limhamns 5:e int. junior"]
[Site "Malmoe"]
[Date "1999.06.24"]
[Round "9"]
[White "Rosell, Tomas"]
[Black "Becker, Bartosz"]
[Result "1/2-1/2"]
[WhiteElo "1805"]
[BlackElo "1950"]
[PlyCount "60"]
[EventDate "1999.05.??"]

1. e4 e6 2. d4 d5 3. Nc3 dxe4 4. Nxe4 Bd7 5. Nf3 Bc6 6. Bd3 Nd7 7. O-O Ngf6 8.
Ng3 Bxf3 9. Qxf3 c6 10. Re1 Be7 11. c3 O-O 12. Bc2 Re8 13. Ne2 Nf8 14. Qh3 Qa5
15. Nf4 Bd6 16. Nd3 Qh5 17. Qxh5 Nxh5 18. Ne5 Nf6 19. Bg5 N6d7 20. Rad1 Nb6 21.
Bf4 Nd5 22. Bg3 f6 23. Nf3 Bxg3 24. hxg3 Nd7 25. Re2 Re7 26. Rde1 Rae8 27. Bb3
Kf8 28. Bc2 Kg8 29. Bb3 Kf8 30. Bc2 Kg8 1/2-1/2

[Event "Limhamns 5:e int. junior"]
[Site "Malmoe"]
[Date "1999.06.24"]
[Round "9"]
[White "Wakeham, Daniel"]
[Black "Janiszyn, Elzbieta"]
[Result "1-0"]
[WhiteElo "1955"]
[BlackElo "2074"]
[PlyCount "91"]
[EventDate "1999.05.??"]

1. d4 d5 2. c4 c6 3. cxd5 cxd5 4. Nf3 Nc6 5. Nc3 Bg4 6. Ne5 Nxe5 7. dxe5 e6 8.
Qa4+ Qd7 9. Qxg4 g6 10. e3 a6 11. Qa4 Qxa4 12. Nxa4 Ne7 13. Nb6 Rb8 14. Bd2 Nc6
15. f4 Bc5 16. Na4 Ba7 17. Rc1 Kd7 18. Be2 Rhc8 19. Kf2 Ke8 20. Nc5 d4 21. Ne4
Kf8 22. Rhd1 Kg7 23. Nd6 Rc7 24. b3 Rd7 25. Nxb7 dxe3+ 26. Bxe3 Rxd1 27. Rxd1
Bxe3+ 28. Kxe3 Nb4 29. Nc5 Nxa2 30. Bxa6 Nc3 31. Rd7 Nd5+ 32. Kf3 Kg8 33. Bc4
Rc8 34. Ne4 Nb6 35. Nf6+ Kf8 36. Rd4 Kg7 37. Ne4 Ra8 38. Rd6 Nxc4 39. bxc4 Ra3+
40. Ke2 Ra4 41. Rd4 h6 42. Nd6 g5 43. fxg5 hxg5 44. Ke3 Ra1 45. c5 Kf8 46. c6
1-0

[Event "Limhamns 5:e int. junior"]
[Site "Malmoe"]
[Date "1999.06.24"]
[Round "9"]
[White "Stahlberg, Adam"]
[Black "Holmberg, Fredrik"]
[Result "0-1"]
[WhiteElo "1800"]
[BlackElo "1935"]
[PlyCount "62"]
[EventDate "1999.05.??"]

1. d4 Nf6 2. c4 g6 3. Nc3 Bg7 4. e4 d6 5. Nf3 O-O 6. Be2 e5 7. Bg5 exd4 8. Nxd4
Re8 9. f3 Nc6 10. Nd5 Nxd4 11. Qxd4 Nxd5 12. Qxd5 Qd7 13. Qd2 f5 14. O-O fxe4
15. fxe4 Rxe4 16. Bd3 Re6 17. Rf3 b6 18. Raf1 Bb7 19. Rf7 Qxf7 20. Rxf7 Kxf7
21. h4 Rae8 22. h5 Kg8 23. hxg6 hxg6 24. Bh4 Be4 25. Bf1 c5 26. b3 Bd4+ 27. Kh2
Re5 28. g4 Kg7 29. Bg3 Rh8+ 30. Bh3 Re6 31. b4 Bf3 0-1

[Event "Limhamns 5:e int. junior"]
[Site "Malmoe"]
[Date "1999.06.24"]
[Round "9"]
[White "Bobrowska, Beata"]
[Black "Decha, Eliska"]
[Result "0-1"]
[WhiteElo "1950"]
[BlackElo "2106"]
[PlyCount "36"]
[EventDate "1999.05.??"]

1. c4 c5 2. Nf3 Nf6 3. d3 b6 4. Nc3 Bb7 5. e4 d6 6. a3 e6 7. Be2 Nc6 8. Be3 Be7
9. h3 O-O 10. O-O d5 11. cxd5 exd5 12. exd5 Nxd5 13. Nxd5 Qxd5 14. Qc2 Bf6 15.
Bd2 Nd4 16. Qd1 Nxe2+ 17. Qxe2 Bxb2 18. Rab1 Bxa3 0-1

[Event "Limhamns 5:e int. junior"]
[Site "Malmoe"]
[Date "1999.06.24"]
[Round "9"]
[White "Innab, Schass"]
[Black "Tarachowicz, Alina"]
[Result "1/2-1/2"]
[WhiteElo "1830"]
[BlackElo "2040"]
[PlyCount "71"]
[EventDate "1999.05.??"]

1. e4 c6 2. d4 d5 3. exd5 cxd5 4. Bd3 Nc6 5. c3 g6 6. Bf4 Bg7 7. Nd2 Nf6 8. Ne2
Bf5 9. Nf3 e6 10. Ng3 Bxd3 11. Qxd3 h5 12. h4 Qb6 13. O-O Ne7 14. Rfe1 O-O 15.
Re2 Nf5 16. Ng5 Nxh4 17. Rae1 Rfe8 18. Be5 Nf5 19. Qf3 Ng4 20. Bxg7 Kxg7 21.
Nxf5+ gxf5 22. Qg3 Qd8 23. Nh3 Qf6 24. f3 h4 25. Qf4 Nh6 26. Ng5 Kg6 27. Nh3
Rg8 28. Kf2 b5 29. Rh1 a5 30. Qh2 Kh7 31. Nf4 b4 32. Qxh4 Qxh4+ 33. Rxh4 bxc3
34. Re1 Rh8 35. bxc3 Rab8 36. Nd3 1/2-1/2